El Trabajo en equipo y la sinergia /

Se trata de diferentes aspectos del trabajo en equipo: el liderazgo, los requisitos del trabajo en equipo, su necesidad, la integración de un equipo, su dinámica, cultura y problemas, procesos de toma de decisiones en equipo, las estructuras en un grupo, y la sinergia -concepto relativo al mecanismo...

Descripció completa

Guardat en:
Dades bibliogràfiques
Autor principal: Cuervo Castañeda, Mario (autor)
Format: Llibre
Idioma:espanyol
Publicat: Cali, Colombia : Instituto FES de Liderazgo, 1992, c1992
Col·lecció:(Programa de Gerencia Social ; 9)
Matèries:
Etiquetes: Afegir etiqueta
Sense etiquetes, Sigues el primer a etiquetar aquest registre!

MARC

LEADER 00000nam^a2200000^a^4500
001 000046429
005 20250521000000.0
009 20260310090011.031
037 |a Acervo ITESO - Biblioteca 
041 |a ESP 
082 |a 361. 763  |b PRO V. 9 
100 |a Cuervo Castañeda, Mario  |e (autor) 
245 1 3 |a El Trabajo en equipo y la sinergia /  |c M. Cuervo Castañeda. 
264 4 |a Cali, Colombia :  |b Instituto FES de Liderazgo,  |c 1992, c1992 
300 |a 156 p. 
336 |a texto  |b txt  |2 rdacontenido 
337 |a sin mediación  |b n  |2 rdamedio 
338 |a volumen  |b nc  |2 rdasoporte 
440 1 |a (Programa de Gerencia Social ;  |v 9) 
520 |a Se trata de diferentes aspectos del trabajo en equipo: el liderazgo, los requisitos del trabajo en equipo, su necesidad, la integración de un equipo, su dinámica, cultura y problemas, procesos de toma de decisiones en equipo, las estructuras en un grupo, y la sinergia -concepto relativo al mecanismo creador que resulta de la reunión de varios elementos con un resultado diferente de la simple suma de las partes-. 
649 |a XX 
650 |a Desarrollo Económico-Social -  |z Latinoamérica 
650 |a Programas Sociales 
650 |a Sociedad Civil 
650 |a Ciencias Administrativas 
650 |a Psicología Laboral 
650 |a Cultura Organizacional 
650 |a Grupos Sociales 
650 |a Liderazgo 
910 |a Fondo General 
920 |a Impresos - Libros 
930 |a Colección General 
905 |a 101 
901 |a 0500002017  |b IT1  |c ACC  |u 20250521 
902 |a https://opac.biblio.iteso.mx/vufind/Record/000046429